00806nam a22002417a 450000500170000001000130001702000110003003500130004103700160005404000120007008200130008210000210009524500930011626000440020927000440025330000200029750000200031765000380033765000190037594200220039499900190041695201290043520170124105941.0 aA-579727 c180.00 aA-579727 bCen Lib/Ret aDPLbEN a2502SAT aSath, Ved911123 aStudy of biographies of the buddhat :cby Ved Sethbbased on pali and sanskrit sources / aNew DelhibAkay book corporation c1992 bNew DelhiaFB-23, tagore gardene110027 a252p.c21cm(Hb) aIncludes index  aReligiony vbibiliography911124 aBuddhism91068 2ddccENh250mSET c124549d124549 001040718REFaLbLd2015-06-17eCen Lib/Retg180.00l0o250 SETpA-579727r2015-06-17 00:00:00t1v180.00w2015-06-17yEN